000 00523nam a22002297a 4500
003 UA-OsUOA
001 32639
007 ta
008 20050207b un ||||| |||| 00| 0 ukr d
090 _a01
_bБ 59
942 _cBK
040 _aUA-OsUOA
_brus
_cUA-OsUOA
_dUA-OsUOA
245 _aБиблиотека Я. В. Брюса
_bКаталог
300 _a406 с.
955 _a0
041 _arus
080 _a01
260 _aЛенинград
_bБАН
_c1989
044 _aRU
650 7 _2UDC
999 _c319085
_d319085